| 000 | 00543nam a2200181Ia 4500 | ||
|---|---|---|---|
| 999 |
_c10603 _d10603 |
||
| 003 | OSt | ||
| 005 | 20191228104941.0 | ||
| 008 | 190216s9999||||xx |||||||||||||| ||und|| | ||
| 020 | _a8170415317 | ||
| 040 | _coclc | ||
| 082 |
_a338.13 _bRED/R |
||
| 100 |
_aReddy, V V Ramana _9835 |
||
| 245 | 0 |
_aRole Of Institutional Finance In Indian Agriculture / _cV V Ramana Reddy |
|
| 260 |
_bAnmol Publications, _aNew Delhi: _c1991. |
||
| 300 | _a208p | ||
| 650 | _aEconomics | ||
| 942 |
_cBK _2ddc _h338.13 _iRED/R _k338.13 _mRED/R |
||